| 000 | 00799cam a22002413a 4500 | ||
|---|---|---|---|
| 001 | 16936 | ||
| 003 | PGUSA | ||
| 005 | 20140828083348.0 | ||
| 008 | 051025s2005||||xxu|||||s|||||000 | eng d | ||
| 040 |
_aPGUSA _beng |
||
| 042 | _adc | ||
| 050 | 4 | _aPE | |
| 100 | 1 |
_aParker, Richard Green, _d1798-1869 |
|
| 245 | 1 | 0 |
_aParker's Second Reader : _bNational Series of Selections for Reading, Designed For The Younger Classes In Schools, Academies, &C. _h[electronic resource] / _cRichard Green Parker |
| 260 |
_bProject Gutenberg, _c2005 |
||
| 506 | _aPublic domain in the USA. | ||
| 516 | _aElectronic text | ||
| 653 | _aRecitations -- Juvenile literature | ||
| 653 | _aReaders (Elementary) | ||
| 830 | 0 |
_aProject Gutenberg _v16936 |
|
| 856 | 4 | 0 | _uhttp://www.gutenberg.org/ebooks/16936 |
| 942 | _cEB | ||
| 999 |
_c246191 _d246191 |
||